Major tropical cyclones of 2023 - Statistics

General Stats
  • This quiz has been taken 19 times
    12 since last reset
  • The average score is 18 of 30
Answer Stats
Picture Answer % Correct
Otis
100%
Lee
91%
Franklin
82%
Freddy
82%
Idalia
82%
Mawar
82%
Doksuri
73%
Mocha
73%
Bolaven
64%
Dora
64%
Hilary
64%
Ilsa
64%
Norma
64%
Saola
64%
Biparjoy
55%
Lan
55%
Lidia
55%
Calvin
45%
Fernanda
45%
Haikui
45%
Herman
45%
Jasper
45%
Jova
45%
Kevin
45%
Koinu
45%
Lola
45%
Fabien
36%
Judy
36%
Khanun
36%
Tej
36%
No matching quizzes found
Score Distribution
Percent of People with Each Score
Percentile by Number Answered
Your Score History
You have not taken this quiz since the last reset